00413nam a22001457a 450000500170000000800410001702000180005804100080007608200140008410000220009824500610012026000480018130000180022965000200024720260513135825.0260513b |||||||| |||| 00| 0 eng d a9781947843370 aEng a174.4 CHU aChumney, Wade M.  aConscious Business Ethics: The Practical Guide to Wisdom aNew York b ‎ Business Expert Pressc2022 a84;. P. 22 cm aBusiness Ethics